[Event "Florianopolis op 9th"]
[Site "Florianopolis"]
[Date "2023.01.24"]
[Round "3"]
[White "Mendes Domingues, Ribeiro Matheus"]
[Black "Ribeiro, Regina"]
[Result "1-0"]
[WhiteElo "2250"]
[BlackElo "1842"]
[PlyCount "22"]
[EventDate "2023.01.23"]
[EventType "swiss"]
[EventRounds "10"]
[EventCountry "BRA"]
[SourceTitle "CBM 212 Extra"]
[Source "ChessBase"]
[SourceDate "2023.03.31"]
[SourceVersion "1"]
[SourceVersionDate "2023.03.31"]
[SourceQuality "1"]

1. c4 Nf6 2. Nc3 e5 3. Nf3 Nc6 4. e4 Bc5 5. Nxe5 Nxe5 6. d4 Bb4 7. dxe5 Nxe4 8. Qf3 Nxc3 9. bxc3 Bc5 10. Qg3 Kf8 11. Be2 h5 1-0

[Event "Rio de Janeiro Duchamp op 4th"]
[Site "Rio de Janeiro"]
[Date "2022.12.09"]
[Round "3"]
[White "Campagnolo, Bruna"]
[Black "Ribeiro, Regina"]
[Result "1-0"]
[WhiteElo "1535"]
[BlackElo "1852"]
[PlyCount "79"]
[EventDate "2022.12.07"]
[EventType "swiss"]
[EventRounds "9"]
[EventCountry "BRA"]
[SourceTitle "CBM 211 Extra"]
[Source "ChessBase"]
[SourceDate "2023.01.31"]
[SourceVersion "1"]
[SourceVersionDate "2023.01.31"]
[SourceQuality "1"]

1. e4 c6 2. d4 d5 3. exd5 cxd5 4. Bd3 Nf6 5. c3 Nc6 6. Bf4 Bg4 7. Ne2 e6 8. 0-0 Bd6 9. f3 Bh5 10. Na3 a6 11. Nc2 Bg6 12. Bxg6 hxg6 13. Qd2 Nh5 14. Bxd6 Qxd6 15. f4 Nf6 16. Ne3 Ne4 17. Qd3 f5 18. c4 g5 19. cxd5 exd5 20. Nxf5 Qg6 21. fxg5 Qxg5 22. Nc3 0-0 23. Nxe4 dxe4 24. Qxe4 Rae8 25. Qd3 b5 26. Rf3 Na5 27. Raf1 g6 28. h4 Qd8 29. Nh6+ Kg7 30. Rxf8 Rxf8 31. Rxf8 Qxf8 32. Ng4 Qb4 33. Qc3 Qa4 34. d5+ Kg8 35. Qc8+ Kf7 36. Qe6+ Kf8 37. d6 Qd4+ 38. Kh1 Qxb2 39. Qe7+ Kg8 40. Nf6+ 1-0

[Event "Florianopolis Winter op 6th"]
[Site "Florianopolis"]
[Date "2022.07.14"]
[Round "3"]
[White "Ribeiro, Regina"]
[Black "Pires, Marcos Vinicius Tor"]
[Result "0-1"]
[WhiteElo "1855"]
[BlackElo "2287"]
[PlyCount "64"]
[EventDate "2022.07.13"]
[EventType "swiss"]
[EventRounds "9"]
[EventCountry "BRA"]
[SourceTitle "CBM 209 Extra"]
[Source "ChessBase"]
[SourceDate "2022.09.30"]
[SourceVersion "1"]
[SourceVersionDate "2022.09.30"]
[SourceQuality "1"]

1. Nf3 d5 2. g3 c6 3. Bg2 Bg4 4. Ne5 Bf5 5. c4 e6 6. Qb3 Qb6 7. Qxb6 axb6 8. cxd5 exd5 9. d3 Nf6 10. 0-0 Nbd7 11. Nxd7 Nxd7 12. e4 dxe4 13. dxe4 Be6 14. a3 Be7 15. Bd2 0-0 16. Bc3 Rfd8 17. Nd2 Nc5 18. Rac1 Na4 19. Nf3 Nxc3 20. Rxc3 b5 21. Rcc1 Rd3 22. Rfd1 Rad8 23. Rxd3 Rxd3 24. Ne5 Rd2 25. f4 f6 26. f5 Bb3 27. Nf3 Rxb2 28. Rc3 Bc4 29. h3 Bc5+ 30. Kh2 Bb6 31. Rc1 Ra2 32. e5 fxe5 0-1

[Event "Florianopolis Winter op 6th"]
[Site "Florianopolis"]
[Date "2022.07.13"]
[Round "2"]
[White "De Carvalho, Amauri"]
[Black "Ribeiro, Regina"]
[Result "0-1"]
[WhiteElo "1198"]
[BlackElo "1855"]
[PlyCount "86"]
[EventDate "2022.07.13"]
[EventType "swiss"]
[EventRounds "9"]
[EventCountry "BRA"]
[SourceTitle "CBM 209 Extra"]
[Source "ChessBase"]
[SourceDate "2022.09.30"]
[SourceVersion "1"]
[SourceVersionDate "2022.09.30"]
[SourceQuality "1"]

1. Nf3 Nf6 2. g3 d5 3. Bg2 g6 4. 0-0 Bg7 5. d3 0-0 6. Nbd2 c5 7. c3 Nc6 8. e4 e5 9. Re1 Bg4 10. h3 Bxf3 11. Qxf3 d4 12. a4 Nd7 13. Nc4 Nb6 14. Nxb6 Qxb6 15. Rb1 dxc3 16. b3 Nd4 17. Qg4 h5 18. Qg5 Kh7 19. g4 Qf6 20. gxh5 Qxg5 21. Bxg5 gxh5 22. Kf1 Bh6 23. Be3 b5 24. axb5 Rfb8 25. Rec1 c2 26. Rb2 Rxb5 27. Bxh6 Kxh6 28. Ke1 a5 29. Kd2 a4 30. Rcxc2 Nxc2 31. Kxc2 axb3+ 32. Kc3 Ra2 33. Bf3 Rxb2 34. Kxb2 Kg5 35. Bd1 Kh4 36. Bf3 f6 37. Be2 Rb4 38. Bd1 c4 39. dxc4 Rxc4 40. Bxb3 Rxe4 41. Be6 Re2+ 42. Kc1 Rxf2 43. Kd1 e4 0-1

[Event "Florianopolis op 8th"]
[Site "Florianopolis"]
[Date "2022.01.25"]
[Round "2"]
[White "Ribeiro, Regina"]
[Black "Umetsubo, Cesar Hidemitsu"]
[Result "0-1"]
[WhiteElo "1908"]
[BlackElo "2402"]
[PlyCount "84"]
[EventDate "2022.01.24"]
[EventType "swiss"]
[EventRounds "10"]
[EventCountry "BRA"]
[SourceTitle "CBM 206 Extra"]
[Source "ChessBase"]
[SourceDate "2022.03.31"]
[SourceVersion "1"]
[SourceVersionDate "2022.03.31"]
[SourceQuality "1"]

1. Nf3 d5 2. g3 Nf6 3. Bg2 c6 4. c4 Bf5 5. 0-0 e6 6. Qb3 Qb6 7. Qxb6 axb6 8. cxd5 exd5 9. Nc3 b5 10. d3 b4 11. Nd1 Nbd7 12. e4 dxe4 13. Nd4 Be6 14. Nxe6 fxe6 15. dxe4 Nc5 16. a3 Nb3 17. Rb1 bxa3 18. bxa3 Nxc1 19. Rxc1 Bxa3 20. Rc3 Ke7 21. Ne3 Nd7 22. Rb1 Rhb8 23. Kf1 Bc5 24. f4 Bxe3 25. Rxe3 e5 26. Rc3 Ra2 27. h4 Rd2 28. Bh3 Kd6 29. Bxd7 Kxd7 30. Rc5 exf4 31. gxf4 b5 32. Rg5 g6 33. h5 Rf8 34. hxg6 hxg6 35. Ra1 Kc7 36. Rxg6 Rxf4+ 37. Ke1 Rh2 38. Ra6 Rxe4+ 39. Kd1 Rd4+ 40. Ke1 Rc4 41. Rg7+ Kd6 42. Rg6+ Kd5 0-1

[Event "Timbo op"]
[Site "Timbo"]
[Date "2021.06.13"]
[Round "5"]
[White "Ribeiro, Regina"]
[Black "Voltolini, Gustavo Henrique"]
[Result "1-0"]
[WhiteElo "1920"]
[BlackElo "1609"]
[PlyCount "49"]
[EventDate "2021.06.11"]
[EventType "swiss"]
[EventRounds "6"]
[EventCountry "BRA"]
[SourceTitle "EXT 2022"]
[Source "ChessBase"]
[SourceDate "2021.10.06"]
[SourceVersion "1"]
[SourceVersionDate "2021.10.06"]
[SourceQuality "1"]

1. Nf3 Nf6 2. b3 g6 3. Bb2 Bg7 4. c4 d6 5. d4 0-0 6. g3 Bf5 7. Bg2 c6 8. 0-0 Nbd7 9. Nc3 d5 10. cxd5 cxd5 11. Ne5 e6 12. f3 Nxe5 13. dxe5 Nd7 14. g4 Bxe5 15. Na4 Bxb2 16. Nxb2 Qg5 17. Qc1 Qf6 18. gxf5 gxf5 19. Nd3 Kh8 20. Qc7 Rad8 21. Rac1 Rg8 22. Kh1 Qg5 23. Rg1 Qh6 24. Ne5 Rc8 25. Nxf7+ 1-0

[Event "Timbo op"]
[Site "Timbo"]
[Date "2021.06.12"]
[Round "3"]
[White "Ribeiro, Regina"]
[Black "Feller, Gabriela Luisa Vice"]
[Result "0-1"]
[WhiteElo "1920"]
[BlackElo "1793"]
[PlyCount "102"]
[EventDate "2021.06.11"]
[EventType "swiss"]
[EventRounds "6"]
[EventCountry "BRA"]
[SourceTitle "EXT 2022"]
[Source "ChessBase"]
[SourceDate "2021.10.06"]
[SourceVersion "1"]
[SourceVersionDate "2021.10.06"]
[SourceQuality "1"]

1. Nf3 d5 2. b3 c5 3. e3 Nf6 4. Bb2 Nc6 5. Bb5 e6 6. 0-0 Bd6 7. Ne5 Qc7 8. f4 0-0 9. Bxc6 bxc6 10. d3 a5 11. a4 Ba6 12. Nd2 Nd7 13. Nxd7 Qxd7 14. Qg4 f6 15. Rf3 Rab8 16. c4 Bc7 17. Rg3 Rf7 18. Rd1 Bd8 19. Ba3 Be7 20. Qe2 Bd6 21. Rf1 e5 22. Bb2 exf4 23. exf4 Re8 24. Re3 Rxe3 25. Qxe3 Re7 26. Qf3 Bb7 27. Rd1 Qf5 28. g3 Qe6 29. Kf2 Bc8 30. Nf1 Rb7 31. Nd2 Qh3 32. Qg2 Qxg2+ 33. Kxg2 Bf5 34. Re1 Bxd3 35. cxd5 cxd5 36. Re8+ Kf7 37. Ra8 Bc7 38. Bc3 c4 39. bxc4 dxc4 40. Kf3 Bb6 41. Ne4 Re7 42. Nd6+ Kg6 43. f5+ Kh5 44. g4+ Kh4 45. Nc8 Be4+ 46. Ke2 Bxa8+ 47. Nxe7 Kxg4 48. Nc8 Bc7 49. Ne7 Be4 50. Ke3 Bxf5 51. h3+ Kg5 0-1

[Event "Speed Chess (Women) Q6"]
[Site "Chess.com INT"]
[Date "2021.06.05"]
[Round "7"]
[White "Ribeiro, Regina"]
[Black "Vu, Bui Thi Thanh Van"]
[Result "0-1"]
[WhiteElo "1920"]
[BlackElo "1750"]
[PlyCount "34"]
[EventDate "2021.06.05"]
[EventType "swiss (blitz)"]
[EventRounds "13"]
[EventCountry "USA"]
[SourceTitle "CBM 202 Extra"]
[Source "ChessBase"]
[SourceDate "2021.07.31"]
[SourceVersion "1"]
[SourceVersionDate "2021.07.31"]
[SourceQuality "1"]

1. Nf3 f5 2. e4 fxe4 3. Ng5 Nf6 4. d3 e5 5. dxe4 h6 6. Nh3 d6 7. Bc4 Qe7 8. Nc3 c6 9. Be3 Be6 10. Qe2 d5 11. exd5 cxd5 12. Bb5+ Nc6 13. Bd2 Bd7 14. 0-0-0 0-0-0 15. Rhe1 e4 16. Bf4 g5 17. Bg3 Qc5 0-1

[Event "Speed Chess (Women) Q3"]
[Site "Chess.com INT"]
[Date "2021.05.30"]
[Round "11"]
[White "Ribeiro, Regina"]
[Black "Vine, Elzbieta"]
[Result "1-0"]
[WhiteElo "1920"]
[BlackElo "2138"]
[PlyCount "25"]
[EventDate "2021.05.30"]
[EventType "swiss (blitz)"]
[EventRounds "21"]
[EventCountry "USA"]
[SourceTitle "CBM 202 Extra"]
[Source "ChessBase"]
[SourceDate "2021.07.31"]
[SourceVersion "1"]
[SourceVersionDate "2021.07.31"]
[SourceQuality "1"]

1. Nf3 d5 2. b3 e5 3. Nxe5 Bd6 4. Nf3 Nf6 5. Bb2 Nc6 6. e3 Bg4 7. Bb5 Qd7 8. d3 0-0-0 9. Nbd2 Rhe8 10. c4 a6 11. Bxc6 Qxc6 12. Rc1 Qb6 13. 0-0 1-0

[Event "Speed Chess (Women) Q2"]
[Site "Chess.com INT"]
[Date "2021.05.29"]
[Round "6"]
[White "Grigoryan, Meri"]
[Black "Ribeiro, Regina"]
[Result "1-0"]
[WhiteElo "2044"]
[BlackElo "1920"]
[PlyCount "81"]
[EventDate "2021.05.29"]
[EventType "swiss (blitz)"]
[EventRounds "13"]
[EventCountry "USA"]
[SourceTitle "CBM 202 Extra"]
[Source "ChessBase"]
[SourceDate "2021.07.31"]
[SourceVersion "1"]
[SourceVersionDate "2021.07.31"]
[SourceQuality "1"]

1. d4 Nf6 2. c4 d6 3. Nc3 e5 4. dxe5 dxe5 5. Qxd8+ Kxd8 6. Bg5 c6 7. 0-0-0+ Kc7 8. Nf3 Nbd7 9. e3 Ng4 10. Bh4 f6 11. Bg3 Nh6 12. Nd4 Nc5 13. b4 Ne6 14. Be2 Bxb4 15. Ne4 Rd8 16. Kc2 Nxd4+ 17. exd4 Nf5 18. dxe5 Nxg3 19. hxg3 f5 20. Nd6 Bxd6 21. exd6+ Rxd6 22. Rxd6 Kxd6 23. Rxh7 f4 24. Bd3 fxg3 25. fxg3 Bd7 26. Rxg7 Rf8 27. Kc3 Rf2 28. Rg6+ Kc5 29. Rg5+ Kb6 30. Rg7 Be6 31. a4 Rxg2 32. Be4 Bc8 33. Bxg2 a5 34. g4 Be6 35. g5 Kc5 36. Re7 Bxc4 37. g6 Bg8 38. g7 b5 39. Bh3 Bh7 40. Be6 b4+ 41. Kb3 1-0

[Event "Speed Chess (Women) Q2"]
[Site "Chess.com INT"]
[Date "2021.05.29"]
[Round "8"]
[White "Ribeiro, Regina"]
[Black "Antonova, Nadezhda"]
[Result "0-1"]
[WhiteElo "1920"]
[BlackElo "1877"]
[PlyCount "82"]
[EventDate "2021.05.29"]
[EventType "swiss (blitz)"]
[EventRounds "13"]
[EventCountry "USA"]
[SourceTitle "CBM 202 Extra"]
[Source "ChessBase"]
[SourceDate "2021.07.31"]
[SourceVersion "1"]
[SourceVersionDate "2021.07.31"]
[SourceQuality "1"]

1. Nf3 Nf6 2. b3 g6 3. Bb2 Bg7 4. e3 0-0 5. c4 d6 6. d4 Nbd7 7. Be2 Re8 8. d5 e5 9. dxe6 Rxe6 10. 0-0 a5 11. Nc3 Nc5 12. Nd4 Re8 13. Ndb5 Bd7 14. Bf3 Bc6 15. Nd4 Bxf3 16. Qxf3 Nd3 17. Qe2 Nxb2 18. Qxb2 c5 19. Ndb5 d5 20. Rad1 a4 21. Qc2 axb3 22. axb3 Re5 23. cxd5 Nxd5 24. Nxd5 Rxd5 25. Rxd5 Qxd5 26. Nc7 Qd8 27. Nxa8 Qxa8 28. Rd1 b6 29. g3 h5 30. Rd7 Qc6 31. Qd3 b5 32. Qd5 Qxd5 33. Rxd5 Bf8 34. Kf1 Kg7 35. Ke2 Kf6 36. Kd3 Ke6 37. e4 f5 38. f4 Be7 39. b4 c4+ 40. Ke3 Bxb4 41. Rxb5 Be7 0-1

[Event "Sao Paulo Carnaval op"]
[Site "Sao Paulo"]
[Date "2020.02.23"]
[Round "3"]
[White "Ribeiro, Regina"]
[Black "Mascarenhas, Alfredo C Viana"]
[Result "1-0"]
[WhiteElo "1934"]
[BlackElo "1741"]
[PlyCount "99"]
[EventDate "2020.02.22"]
[EventType "swiss"]
[EventRounds "7"]
[EventCountry "BRA"]
[SourceTitle "CBM 195 Extra"]
[Source "ChessBase"]
[SourceDate "2020.05.31"]
[SourceVersion "1"]
[SourceVersionDate "2020.05.31"]
[SourceQuality "1"]

1. Nf3 d5 2. g3 Nf6 3. Bg2 c6 4. 0-0 e6 5. d3 Be7 6. Nbd2 Nbd7 7. e4 dxe4 8. dxe4 e5 9. Qe2 Qc7 10. a4 0-0 11. Re1 a5 12. Nc4 b5 13. axb5 cxb5 14. Ne3 Bb7 15. Nf5 Bc5 16. Nd2 b4 17. Nb3 Ba6 18. Qd2 h6 19. Nxc5 Qxc5 20. Qe3 Qxe3 21. Bxe3 Bc4 22. b3 Be6 23. Red1 Rfe8 24. Nd6 Red8 25. f3 Ne8 26. Bf1 Nxd6 27. Rxd6 Rdc8 28. Bb5 Nb8 29. Ra2 Kf8 30. f4 Ke7 31. Rb6 Rc7 32. fxe5 Bd7 33. Bc4 Be6 34. Bd5 Bxd5 35. exd5 Rc3 36. Bd2 Nd7 37. Rb7 Rf3 38. Bxb4+ Ke8 39. Bd6 Re3 40. Kf2 Re4 41. Kf3 Re1 42. c4 Kd8 43. Re2 Rf1+ 44. Kg2 Rf5 45. Rf2 Rxf2+ 46. Kxf2 a4 47. bxa4 Rxa4 48. e6 fxe6 49. dxe6 Nf6 50. Rb8# 1-0